| 000 | 00552nam a2200169 a 4500 | ||
|---|---|---|---|
| 001 | 000023459 | ||
| 005 | 20200930022232.0 | ||
| 008 | 101208s1982 sp abc r 000 0 spa d | ||
| 020 | _a8424145763 | ||
| 040 |
_aDO-SdBNP _bspa _cBNPHU |
||
| 082 |
_annnn _bG934b |
||
| 100 | 1 |
_aGuerrero Martínez, María José, _948341 |
|
| 245 | 1 | 3 |
_aEl barrio de Santa Cruz de Sevilla / _cMaría José Guerrero Martínez ; fotografías de Zubillaga... [et. al]. |
| 260 |
_aMadrid : _bEverest, _c1982. |
||
| 300 |
_a124 p. : _bil, mapas, retrs. ; _c22 cm. |
||
| 049 | _aBNGR | ||
| 999 |
_c22955 _d22955 |
||